000 02580nam a22002177a 4500
005 20260211144502.0
008 260210b |||||||| |||| 00| 0 eng d
020 _a9788198484680
040 _cAL
082 _a658.11
_bPAUZ
100 _aArindam Paul
_9254461
245 _aZero to scale
260 _bWyzr Content Pvt Ltd
_aBengaluru
_c2025
300 _a240p.
_bPB
_c20x14cm
365 _2General Engineering
_aIN-355
_b₹299.00
_c
_d₹599.00
_e0%
_f27-01-2026
520 _aAs our internet ecosystem has matured and logistics capabilities deepened, it has become easier to launch brands, but much harder to scale them due to the intense competition. More and more brands are vanishing on the second page of Amazon results, and very few manage to crack offline distribution. Most brands struggle to grow beyond a threshold. In Zero To Scale, Arindam Paul has meticulously documented all his learnings across every function brand operators need to master — product, distribution, acquisition, brand building, organization, and more. It’s a rare, original playbook drawn from the hard-won experience of scaling Atomberg from a pre-revenue upstart to over 1000 Cr in annual revenue. For anyone building a brand in India or pursuing a career in sales and marketing, this book offers practical, actionable insights you can’t afford to miss. Advance Praise: “If you want to build consumer brands in India, this is your new playbook.” — Harsh Mariwala (Founder & Chairman, Marico) “I’ve learned so much from Arindam’s insights which are always concise, relevant, real, and fact based. A must read!” — Namita Thapar (Executive Director, Emcure Pharmaceuticals) “This isn’t just a book about marketing, it is a playbook on actually winning in an age where it’s easier to fake that you’re winning.” — Tanmay Bhat (Comedian, YouTuber, Scriptwriter) "Leaders who can balance strategy and execution are rare and ones who can articulate the same like Arindam are unicorns.” — Varun Alagh, Co-founder, Honasa Consumer (parent of Mamaearth) “A must read for all sales and marketing professionals navigating challenges of an omnichannel world.” — Abhay Pandey (General Partner, A91 Partners) “Arindam shares with us the frameworks, mental models and thought process that can enable more Indian companies to emulate Atomberg’s success.” — Prof. Rishikesha Krishnan (Director, IIM Bangalore)
650 _aManagement
_9254341
650 _aConsumer
_9254431
650 _aBrand Communication
_9254432
942 _2ddc
_cBK
999 _c240873
_d240873